Bodas de sangre / (Registro nro. 3085)
[ vista simple ]
| 000 -LEADER | |
|---|---|
| fixed length control field | 01218nam a2200205 a 4500 |
| 008 - CAMPO DE CONTROL (LIBRO) | |
| fixed length control field | 200311s1998 ag ||||gr|||| 001 f spa d |
| 020 ## - INTERNATIONAL STANDARD BOOK NUMBER | |
| ISBN | 844940925 |
| 041 ## - CODIGO DE IDIOMA | |
| Código de idioma del texto/pista de sonido o título separado | spa |
| 092 ## - SIGNATURA TOPOGRAFICA DEWEY LOCAL | |
| número de clasificación | 808 |
| libristica | 28 |
| sección | GAR |
| 100 1# - ENTRADA PRINCIPAL--NOMBRE PERSONAL | |
| Nombre personal | García Lorca, Federico. |
| 9 (RLIN) | 4133 |
| 245 ## - TITULO PROPIAMENTE DICHO | |
| Título | Bodas de sangre / |
| Mención de responsabilidad y remanente de la transcripción de la portada | Federico García Lorca. |
| 250 ## - MENCION DE EDICION | |
| Mención de edición | 1a ed. |
| Mención de responsabilidad relacionada con la ed. | Prólogo Luis Martinez Cuitiño. |
| 260 ## - PIE DE IMPRENTA | |
| Lugar de publicación, distribución, etc | Buenos Aires: |
| Nombre de la editorial, distribuidor, etc | Losada; |
| Fecha de publicación | 1998. |
| 300 ## - DESCRIPCION FISICA | |
| Extension | 125 p. |
| 500 ## - NOTA GENERAL | |
| Nota general | García Lorca, F. (1998). Bodas de sangre. (1a ed.). Barcelona : Losada.<br/> |
| 505 ## - NOTA DE CONTENIDO | |
| Nota de contenido formateada | Bodas de sangre de Federico Garcia Lorca (1899-1936), constituye, junto a Yerma y La casa de Bernarda Alba, una trìlogia tràgica centrada en la vida de la mujer y su posiciòn en una sociedad rural que todavìa vive bajo la fuerza de la traiciòn y donde las pasiones pueden destruir la vida de los protagonistas.Bodas de sangre es un claro ejemplo de ello. Los malos presagios que vive la madre de la novia,muertos, su marido y su hijo por la violencia de los hombres, caeràn sobre el matrimonio de su hija. Pasiòn, venganza y muerte tiñen estas Bodas de sangre. |
| 590 ## - NOTAS LOCALES (RLIN) | |
| Nota local | Proyecto 4to libro. Donación Pardo Paula. Marzo 2020. |
| 655 ## - MATERIA - GENERO/FORMA | |
| Género/Forma | Literatura |
| -- | 2917 |
| 942 ## - ADDED ENTRY ELEMENTS (KOHA) | |
| Source of classification or shelving scheme | Dewey Decimal Classification |
| Item type | LITERATURA |
| Estado de retiro | Existencia | Fuente de clasificación | Estado general | No para prestamo | Ubicación permanente | ubicación actual | Sala de ubicación | Fecha de adquisición | Fuente de adquisición | Total Checkouts | Número de clasificación | Código de barras | Date last seen | Número de ejemplar | Price effective from | Koha tipo de elemento (item) | Public note |
|---|---|---|---|---|---|---|---|---|---|---|---|---|---|---|---|---|---|
| Dewey Decimal Classification | Biblioteca Medicina | Biblioteca Medicina | Circulación | 11/03/2020 | Donación Pardo, Paula. marzo 2020 | 808 28 GAR | 4645 | 11/03/2020 | Ej. 1 | 11/03/2020 | LITERATURA | Donación Pardo, Paula. marzo 2020 |